000 00501nam a22001937a 4500
003 OSt
005 20151126150604.0
008 151126b xxu||||| |||| 00| 0 eng d
020 _a0435462857
040 _c040a
082 _a005.54
_bWAR 2003
100 _aWard,Susan
_96327
245 _aSpreadsheets /
_cSusan Ward
260 _aOxford
_bHeinemann Education publishers
_c2003
300 _aiv,156p;
_bill :
_c20 cm
504 _aincludes index
650 _aspreadsheets
_96328
942 _2ddc
_cSLOAN
999 _c2703
_d2703